02160nam a2200241 u 450000100070000000500170000700800410002402000150006503500110008003500200009104000130011104100080012408200080013210000930014024500610023326000310029430000190032550514690034465000270181365000230184065000290186365000260189262549620260506084650.0000927e19990202 spa  a8489770492 a625496 a(OCoLC)43951603 ccomduadb aspa 4a113 0aLaín Entralgo, Pedro,d1908-20014aut0(isni)0000 0001 0931 133X0(viaf)108328947eaut10aQué es el hombre : evolución y sentido de la vida. aBarcelona :bNobel,c1999. a237 páginas. aCONTENIDO : Introducción. -- PRIMERA PARTE: Algunos datos históricos: Origen de la cosmología dinamicista: de Paracelso a Leibniz. -- 1: Paracelso. -- 2: Van Helmont. -- 3: Leibniz. -- El dinamicismo de Xavier Zubiri. -- 1; Conceptos filosóficos fundamentales. -- 2: La cosmología actual. -- 3: La cosmología zubiriana. -- La teología de la hominización de Karl Rahner. -- 1: El magisterio eclesiástico. -- 2: Las fuentes de la revelación. -- 3: Cuestiones teológico-filosóficas. -- SEGUNDA PARTE: Una antropología integradora: La realidad del cosmos.1: Origen del cosmos. -- 2: Consistencia real del cosmos. -- 3: Estructura y evolución. -- La realidad de la vida. -- 1: Origen de la vida. -- 2: Evolución de la vida animal. -- 3: Propiedades sistemáticas de la vida animal: visión descriptiva. -- 4: Propiedad sistemáticas de la vida animal: Visión esencial. -- 5: La vida animal como conducta. -- La realidad del hombre. -- 1: El origen de la especie humana. -- 2: Un fabuloso salto vital. -- 3: Descripción científica de la conducta humana. -- 4: Explicación científica de la conducta humana. -- 5: Comprensión científica de la conducta humana. -- 6: Del Homo habilis al hombre actual. -- 7: Intelección esencial de la realidad del hombre: doctrinas vigentes. -- 8: Intelección esencial de la realidad del hombre: antropología del dinamicismo cósmico. -- Lo penúltimo y lo último. -- Conclusión. 7aOrigen de la vida2dcs 7aCosmología2lemb 7aEvolución humana2lemb aEnsayos científicos